Дело о пожаловании пенсии надзирателю Нотной конторы Копылову и унтер-офицеру Батагову и об увольнении сына первого из службы Ди...

Доступно только в Электронных читальных залах Найти на картеНа карте
RUSMARC
00004270nmc2a22000003x 450
00137b3fa41-9371-46e2-88a8-92f7cd7c6481
00520181128204129.0
100##$a20170110l18251850k l0rusy0189 ca
1010#$arus
102##$aRU
2001#$aДело о пожаловании пенсии надзирателю Нотной конторы Копылову и унтер-офицеру Батагову и об увольнении сына первого из службы Дирекции
$j29 декабря 1825 - 5 октября 1850 г.
251##$cДело
300##$aДело
300##$aОриг. заголовок дела: Дело о пожаловании пенсионов надзирателю Нотной конторы Копылову и унтер-офицеру Батагову и об увольнении от службы первого из них и оставление Батагова на прежнем положении. 29 декабря 1825 г. - 5 октября 1850 г
801#0$aRU
$bРГИА
$c20170110
$gRCR
801#1$aRU
$bГлавНИВЦ
$c20170110
$2rusmarc
801#2$aRU
$bПБ им. Б.Н. Ельцина
$c20181128
$gRCR
$2rusmarc
850##$aРГИА
852##$aРГИА
$eФедеральное казенное учреждение "Российский государственный исторический архив" (РГИА)
$j2812
937##$hРГИА
$d12238922
$aASBIBLIO_SCAN
462#0$1001dd3991dc-24e1-42ec-8838-ca4255420416
$12001
$a1746-1850 гг.
$1251
$cОпись
$1852
$j1
461#0$10019264ebf8-de62-4f1a-9eb4-9f22098dbbd5
$12001
$aДирекция императорских театров МИДв
$1251
$cФонд
$1852
$j497
215##$a17 л.
$d36,5х26 см
371##$aДокумент не является опубликованным и широко распространяемым
105##$ay###
1222#$ad
5171#$aДело о пожаловании пенсионов надзирателю Нотной конторы Копылову и унтер-офицеру Батагову и об увольнении от службы первого из них и оставление Батагова на прежнем положении. 29 декабря 1825 г. - 5 октября 1850 г
035##$a37b3fa41-9371-46e2-88a8-92f7cd7c6481
856##$uhttp://readingroom.main.prlib.ru/item.aspx?id_node=n121103656&mode=full
Формат отображения